000 00345nam a2200145Ia 4500
008 240624s9999 xx 000 0 und d
041 _aeng
082 _a519.5 WAR
100 _aWARD MICHAEL D
245 _aSPATIAL REGRESSION MODELS
250 _a(2nd ed.)
260 _c2019
_aLondon
_bSage
300 _axv, 112 p.; 23 cm.
365 _c
_b35
999 _c31712
_d31712